The art and architecture of India: (Record no. 55926)
[ view plain ]
| 000 -LEADER | |
|---|---|
| fixed length control field | 00865nam a2200265 a 4500 |
| 001 - CONTROL NUMBER | |
| control field | 55926 |
| 003 - CONTROL NUMBER IDENTIFIER | |
| rucl marc code | BD-RjUL |
| 005 - DATE AND TIME OF LATEST TRANSACTION | |
| control field | 20211209080331.0 |
| 008 - FIXED-LENGTH DATA ELEMENTS--GENERAL INFORMATION | |
| fixed length control field | 161123r19591956enkab b 001 0 eng d |
| 035 ## - SYSTEM CONTROL NUMBER | |
| System control number | (BD-RjUL)56050 |
| 040 ## - CATALOGING SOURCE | |
| Original cataloging agency | TXA |
| Transcribing agency | TXA |
| Modifying agency | EQO |
| -- | BD-RjUL |
| Language of cataloging | eng |
| 041 ## - LANGUAGE CODE | |
| Language code of text/sound track or separate title | eng |
| 082 ## - DEWEY DECIMAL CLASSIFICATION NUMBER | |
| Edition number | 23 |
| Classification number | 704.948940954 |
| Author mark and year | ROA 1959 |
| 100 1# - MAIN ENTRY--PERSONAL NAME | |
| Personal name | Rowland, Benjamin, |
| Dates associated with a name | 1904-1972. |
| 9 (RLIN) | 166487 |
| 245 14 - TITLE STATEMENT | |
| Title | The art and architecture of India: |
| Remainder of title | Buddhist, Hindu, Jain / |
| Statement of responsibility, etc. | Benjamin Rowland. |
| 250 ## - EDITION STATEMENT | |
| Edition statement | 2nd ed. |
| 260 ## - PUBLICATION, DISTRIBUTION, ETC. (IMPRINT) | |
| Place of publication, distribution, etc. | London ; |
| -- | Baltimore] : |
| Name of publisher, distributor, etc. | Penguin, |
| Date of publication, distribution, etc. | 1956 [reprinted 1959] |
| 300 ## - PHYSICAL DESCRIPTION | |
| Pagination | xvii, 288 +190 p : |
| Illustrations | ill ; |
| Size | 27 cm. |
| 490 1# - SERIES STATEMENT | |
| Series statement | Pelican history of art, |
| Volume/sequential designation | Z 2 |
| 504 ## - BIBLIOGRAPHY, ETC. NOTE | |
| Bibliography, etc | Bibliography: p. 275-280 and index |
| 650 #0 - SUBJECT ADDED ENTRY--TOPICAL TERM | |
| Topical term or geographic name as entry element | Art, Indic. |
| 9 (RLIN) | 166488 |
| Topical term or geographic name as entry element | Architecture, Indic. |
| 9 (RLIN) | 166489 |
| 830 #0 - SERIES ADDED ENTRY--UNIFORM TITLE | |
| Uniform title | Pelican history of art, |
| Volume number/sequential designation | Z 2 |
| 942 ## - ADDED ENTRY ELEMENTS (KOHA) | |
| Source of classification or shelving scheme | Dewey Decimal Classification |
| Koha item type | Books |
| Lost status | Source of classification or shelving scheme | Damaged status | Not for loan | Collection code | Permanent Location | Current Location | Shelving location | Date acquired | Source of acquisition | Cost, normal purchase price | Total Checkouts | Full call number | Date last seen | Date checked out | Copy number | Koha item type |
|---|---|---|---|---|---|---|---|---|---|---|---|---|---|---|---|---|
| Dewey Decimal Classification | Non-fiction | Central Library, University of Rajshahi | Central Library, University of Rajshahi | 25/07/1960 | Orient Longmans | 330.00 | 1 | 704.948940954 ROA 1959 | 30/07/2017 | 10/07/2017 | C-2 | Books | ||||
| Dewey Decimal Classification | Not For Loan | Non-fiction | Central Library, University of Rajshahi | Central Library, University of Rajshahi | Reading Room | 25/07/1960 | Orient Longmans | 35740.00 | 704.948940954 ROA 1959 | 26/11/2019 | C-1 | Books |